The Naruto Characters Surname Quiz - Statistics

General Stats
  • This quiz has been taken 733 times
  • The average score is 15 of 15
Answer Stats
Question Answer % Correct
SAKURA HARUNO
100%
KAKASHI HATAKE
100%
HINATA HYUUGA
100%
NEJI HYUUGA
100%
SHIKAMARU NARA
100%
LEE ROCK
100%
SASUKE UCHIHA
100%
ITACHI UCHIHA
100%
NARUTO UZUMAKI
100%
INO YAMANAKA
100%
CHOJI AKIMICHI
98%
ZABUZA MOMOCHI
98%
SHINO ABURAME
93%
HIRUZEN (3rd Hokage) SARUTOBI
93%
KIBA INUZUKA
88%
No matching quizzes found
Score Distribution
Percent of People with Each Score
Percentile by Number Answered
Your Score History
You have not taken this quiz